Tool Albums Tile Select - Statistics

General Stats
  • This quiz has been taken 62 times
  • The average score is 38 of 45
Answer Stats
Question Tile Select % Correct
the following songs that are on Lateralus (2001). Merkaba No
96%
the following songs that are on Fear Inoculum (2019). The Pot No
96%
the following songs that are on Ænima (1996). Flood No
94%
the following songs that are on 10,000 Days (2006). Parabol No
94%
the following songs that are on 10,000 Days (2006). You Lied No
94%
the following songs that are on Ænima (1996). Bottom No
93%
the following songs that are on Lateralus (2001). Invincible No
93%
the following songs that are on 10,000 Days (2006). Jambi Yes
93%
the following songs that are on Ænima (1996). Stinkfist Yes
93%
the following songs that are on Lateralus (2001). The Grudge Yes
93%
the following songs that are on Fear Inoculum (2019). 7empest Yes
91%
the following songs that are on Ænima (1996). Forty Six & 2 Yes
91%
the following songs that are on Undertow (1993). Hush No
91%
the following songs that are on 10,000 Days (2006). Mockingbeat No
91%
the following songs that are on Lateralus (2001). Parabola Yes
91%
the following songs that are on Undertow (1993). Sweat No
91%
the following songs that are on Ænima (1996). H. Yes
89%
the following songs that are on Fear Inoculum (2019). Pneuma Yes
89%
the following songs that are on 10,000 Days (2006). Rosetta Stoned Yes
89%
the following songs that are on Undertow (1993). Sober Yes
89%
the following songs that are on Ænima (1996). Ticks & Leeches No
89%
the following songs that are on 10,000 Days (2006). Wings for Marie (Pt. 1) Yes
89%
the following songs that are on Undertow (1993). Cold and Ugly No
87%
the following songs that are on Ænima (1996). Eulogy Yes
85%
the following songs that are on Undertow (1993). Part of Me No
85%
the following songs that are on Lateralus (2001). The Patient Yes
85%
the following songs that are on Fear Inoculum (2019). Chocolate Chip Trip Yes
83%
the following songs that are on 10,000 Days (2006). Right in Two Yes
83%
the following songs that are on Lateralus (2001). Vicarious No
83%
the following songs that are on Fear Inoculum (2019). Eon Blue Apocalypse No
81%
the following songs that are on Fear Inoculum (2019). Intension No
81%
the following songs that are on 10,000 Days (2006). jimmy No
81%
the following songs that are on Fear Inoculum (2019). Descending Yes
80%
the following songs that are on Fear Inoculum (2019). Viginti Tres No
80%
the following songs that are on Ænima (1996). Pushit Yes
78%
the following songs that are on Undertow (1993). Yes
76%
the following songs that are on Ænima (1996). (-) Ions Yes
76%
the following songs that are on Lateralus (2001). Reflection Yes
76%
the following songs that are on Fear Inoculum (2019). Culling Voices Yes
74%
the following songs that are on Undertow (1993). Swamp Song Yes
74%
the following songs that are on Lateralus (2001). Disposition Yes
72%
the following songs that are on Lateralus (2001). Triad Yes
72%
the following songs that are on Undertow (1993). Intolerance Yes
70%
the following songs that are on 10,000 Days (2006). Lost Keys (Blame Hoffman) Yes
69%
the following songs that are on Undertow (1993). Crawl Away Yes
65%
No matching quizzes found
Score Distribution
Percent of People with Each Score
Percentile by Number Answered
Your Score History
You have not taken this quiz